Ayuda en la estrategia del neocolonialismo /

Guardat en:
Dades bibliogràfiques
Autor principal: Simonia, Nodari
Format: Text
Etiquetes: Afegir etiqueta
Sense etiquetes, Sigues el primer a etiquetar aquest registre!

MARC

LEADER 00000 a a2200000 04500
001 11124
003
040
100 |a Simonia, Nodari  
245 |a Ayuda en la estrategia del neocolonialismo /  |c Nodari Simonia 
773 |g número 4; páginas 82-100  
999 |c 32814  |d 32814